| 000 | 00647nam a2200217Ii 4500 | ||
|---|---|---|---|
| 003 | JO-AjNU | ||
| 008 | 230605s9999||||xx |||||||||||||| ||und|| | ||
| 017 | _a1986/2/72 | ||
| 040 |
_aJO-AjNU _bara _erda _cJO-AjNU |
||
| 041 | _aara | ||
| 050 | 1 | 4 | _aLB1028.3 1988 |
| 100 | 3 |
_aالحسن، هشام, _eauthor _937520 |
|
| 245 | 0 | 0 | _aتكنولوجيا التعليم |
| 250 | _aط2 | ||
| 264 | 3 | 1 | _aعمان:المؤلف،1986 |
| 300 | _a175ص | ||
| 336 |
_atext _btxt _2rdacontent |
||
| 337 |
_aunmediated _bn _2rdamedia |
||
| 338 |
_avolume _bnc _2rdacarrier |
||
| 650 | 4 |
_aتكنولوجيا التعليم. التعليم-وسائل _937521 |
|
| 999 |
_aA15684 _c19252 _d19252 |
||